Normal view
MARC view
- ملحس، ثريا عبد الفتاح
Entry Personal Name
001 - CONTROL NUMBER
- control field: 59422
003 - CONTROL NUMBER IDENTIFIER
- control field: JO-AjAnu
005 - DATE AND TIME OF LATEST TRANSACTION
- control field: 20230606083722.0
008 - FIXED-LENGTH DATA ELEMENTS
- fixed length control field: 230606|| aca||aabn | a|a d
040 ## - CATALOGING SOURCE
- Original cataloging agency: JO-AjAnu
- Transcribing agency: JO-AjAnu
100 ## - HEADING--PERSONAL NAME
- Personal name: ملحس، ثريا عبد الفتاح
670 ## - SOURCE DATA FOUND
- Source citation: Work cat.: (JO-AjAnu)30307: ملحس، ثريا عبد الفتاح, author, القيم الروحية في الشعر العربي: قديمه وحديثه (حتى منتصف القرن العشرين 1950م) = THE Spiritual Values In Arabic Poetry